[Event "Erlanger BSGW-Open 2012 30rd"]
[Site "Erlangen/Eltersd.(30.3.-1.4)"]
[Date "2012.04.01"]
[Round "5.22"]
[White "Schloetterer, Hermann"]
[Black "Heppert, Lars"]
[Result "1-0"]
[WhiteElo "1773"]
[BlackElo "1849"]
[PlyCount "67"]
[EventDate "2012.04.??"]
[EventType "swiss"]
[EventRounds "5"]
[EventCountry "GER"]
[WhiteTeam "Nürnberg Noris-Tarr. SC"]
[BlackTeam "Haunwöhr SV"]

1. d4 d5 2. g3 c6 3. Bg2 Nf6 4. Nf3 e6 5. O-O Nbd7 6. c4 Bd6 7. b3 O-O 8. Bb2
Re8 9. Nc3 b6 10. Nd2 Bc7 11. e4 dxe4 12. Ndxe4 Bb7 13. Nb5 Nxe4 14. Nxc7 Nxf2
15. Nxe6 Rxe6 16. Rxf2 Qe7 17. d5 cxd5 18. cxd5 Rd6 19. Qd4 f6 20. Ba3 Nc5 21.
Bxc5 bxc5 22. Qxc5 Qd7 23. Rd1 a6 24. Rfd2 Rc8 25. Qd4 Rd8 26. Bf3 Bc8 27. Qh4
Qa7+ 28. Kg2 Qe3 29. Re2 Qc5 30. Qh5 Qb5 31. Re7 Rf8 32. Rde1 Bd7 33. Rxg7+
Kxg7 34. Re7+ 1-0

[Event "Erlanger BSGW-Open 2012 30rd"]
[Site "Erlangen/Eltersd.(30.3.-1.4)"]
[Date "2012.04.01"]
[Round "5.23"]
[White "Glatz, Juergen"]
[Black "Balhar, Michael"]
[Result "1/2-1/2"]
[WhiteElo "1859"]
[BlackElo "1696"]
[PlyCount "33"]
[EventDate "2012.04.??"]
[EventType "swiss"]
[EventRounds "5"]
[EventCountry "GER"]
[WhiteTeam "Friedrichshofen VfB"]
[BlackTeam "Erlangen 48/88 SC"]

1. e4 d6 2. d4 Nf6 3. Nc3 g6 4. Be3 Bg7 5. Qd2 c6 6. Nf3 O-O 7. h3 b5 8. a3
Nbd7 9. Be2 a5 10. O-O Qc7 11. d5 Bb7 12. dxc6 Bxc6 13. Nd5 Bxd5 14. exd5 Ne4
15. Qd3 Ndc5 16. Bxc5 Nxc5 17. Qe3 1/2-1/2

[Event "Erlanger BSGW-Open 2012 30rd"]
[Site "Erlangen/Eltersd.(30.3.-1.4)"]
[Date "2012.04.01"]
[Round "5.24"]
[White "Bilchinski, Anton"]
[Black "Hertlein, Stefan"]
[Result "1/2-1/2"]
[WhiteElo "1864"]
[BlackElo "1663"]
[PlyCount "98"]
[EventDate "2012.04.??"]
[EventType "swiss"]
[EventRounds "5"]
[EventCountry "GER"]
[WhiteTeam "Göggingen SK"]
[BlackTeam "Treuchtlingen SC"]

1. d4 d5 2. c4 c6 3. Nc3 e6 4. cxd5 cxd5 5. Nf3 Nc6 6. Bg5 Be7 7. Bxe7 Qxe7 8.
e3 Nf6 9. Bd3 O-O 10. O-O Bd7 11. a3 Na5 12. Ne5 Rfc8 13. Rb1 Nc4 14. Qe2 Nd6
15. f3 Rc7 16. e4 Rac8 17. Nxd7 Nxd7 18. exd5 Qf6 19. Qf2 e5 20. dxe5 Qxe5 21.
Rfe1 Qg5 22. Rbd1 Nb6 23. Qe2 Kf8 24. Nb5 Nxb5 25. Bxb5 g6 26. d6 Rc5 27. Qe7+
Kg7 28. Qxg5 Rxg5 29. d7 Nxd7 30. Bxd7 Rc2 31. Bh3 Rxb2 32. Rb1 Ra2 33. Rxb7
Rxa3 34. Kf2 Kf6 35. Ree7 Ra2+ 36. Re2 Ra3 37. Rc2 Rd5 38. Rc6+ Kg5 39. Rxf7 h5
40. Rc2 a5 41. g3 Rd6 42. f4+ Kh6 43. f5 a4 44. Re2 Rad3 45. Ra7 a3 46. Ra2
Rd2+ 47. Rxd2 Rxd2+ 48. Ke3 Rxh2 49. Bf1 gxf5 1/2-1/2

[Event "Erlanger BSGW-Open 2012 30rd"]
[Site "Erlangen/Eltersd.(30.3.-1.4)"]
[Date "2012.04.01"]
[Round "5.25"]
[White "Braun, Michael(01.90)"]
[Black "Meulner, Fabian"]
[Result "1-0"]
[WhiteElo "1900"]
[BlackElo "1678"]
[PlyCount "45"]
[EventDate "2012.04.??"]
[EventType "swiss"]
[EventRounds "5"]
[EventCountry "GER"]
[WhiteTeam "Büchenbach/Roth SG"]
[BlackTeam "Nürnberg Süd SW"]

1. d4 Nf6 2. c4 c5 3. dxc5 e6 4. Nc3 Bxc5 5. Nf3 O-O 6. Bg5 Qb6 7. e3 Qxb2 8.
Bxf6 gxf6 9. Ne4 Bb4+ 10. Ned2 b6 11. Rb1 Bxd2+ 12. Nxd2 Qe5 13. Qf3 Nc6 14.
Bd3 Bb7 15. Qh3 f5 16. g4 Qc3 17. Ke2 Ne5 18. Rb3 Qxd3+ 19. Rxd3 Bxh1 20. Rd4
fxg4 21. Qg3 Ng6 22. Rxg4 Bc6 23. h4 1-0

[Event "Erlanger BSGW-Open 2012 30rd"]
[Site "Erlangen/Eltersd.(30.3.-1.4)"]
[Date "2012.04.01"]
[Round "5.30"]
[White "Hohner, Karl-Heinz"]
[Black "Braun, Kristin"]
[Result "1-0"]
[WhiteElo "1786"]
[BlackElo "1480"]
[PlyCount "41"]
[EventDate "2012.04.??"]
[EventType "swiss"]
[EventRounds "5"]
[EventCountry "GER"]
[WhiteTeam "Kronacher SK"]
[BlackTeam "Forchheim SC"]

1. d4 Nf6 2. Nf3 g6 3. g3 Bg7 4. c4 d6 5. Bg2 O-O 6. Nc3 c5 7. O-O Nbd7 8. d5
Nb6 9. Qd3 e6 10. Bf4 e5 11. Bg5 Bf5 12. e4 Bd7 13. Nh4 Qc8 14. Bd2 Bh3 15. b3
Bxg2 16. Kxg2 Nh5 17. Qf3 Bf6 18. Nf5 Nf4+ 19. Bxf4 gxf5 20. Bh6 fxe4 21. Qxf6
1-0

[Event "Erlanger BSGW-Open 2012 30rd"]
[Site "Erlangen/Eltersd.(30.3.-1.4)"]
[Date "2012.04.01"]
[Round "5.31"]
[White "Stoll, Katja"]
[Black "Hollfelder, Gerhard"]
[Result "1/2-1/2"]
[WhiteElo "1645"]
[BlackElo "1558"]
[PlyCount "38"]
[EventDate "2012.04.??"]
[EventType "swiss"]
[EventRounds "5"]
[EventCountry "GER"]
[WhiteTeam "Ulm Weisse Dame SC"]
[BlackTeam "Bubenreuth SV"]

1. e4 e6 2. d4 d5 3. exd5 exd5 4. Bd3 Bd6 5. Nf3 Nf6 6. O-O O-O 7. Bg5 h6 8.
Bh4 Bg4 9. h3 Bh5 10. Nbd2 Nbd7 11. c3 c6 12. Qc2 Qc7 13. Rfe1 Rfe8 14. Rxe8+
Rxe8 15. Re1 Rxe1+ 16. Nxe1 Bh2+ 17. Kh1 Bf4 18. Bxf6 Nxf6 19. Nef3 Qe7 1/2-1/2

[Event "Erlanger BSGW-Open 2012 30rd"]
[Site "Erlangen/Eltersd.(30.3.-1.4)"]
[Date "2012.04.01"]
[Round "5.32"]
[White "Myagkov, Kirill"]
[Black "Wegmann, Simon"]
[Result "1-0"]
[WhiteElo "1726"]
[BlackElo "1519"]
[PlyCount "48"]
[EventDate "2012.04.??"]
[EventType "swiss"]
[EventRounds "5"]
[EventCountry "GER"]
[WhiteTeam "Nürnberg Noris-Tarr. SC"]
[BlackTeam "Erlangen 48/88 SC"]

1. e4 e5 2. f4 d6 3. Nf3 Bg4 4. Bc4 Bxf3 5. Qxf3 Nf6 6. Nc3 c6 7. d3 Nbd7 8.
Be3 g6 9. O-O Bg7 10. f5 Rf8 11. g4 h6 12. h4 Nh7 13. fxg6 fxg6 14. Bf7+ Ke7
15. h5 g5 16. Qf5 Qc7 17. Qxh7 Rxf7 18. Rxf7+ Kxf7 19. Rf1+ Nf6 20. Rxf6+ Kxf6
21. Qg6+ Ke7 22. Qxg7+ Kd8 23. Qf8+ Kd7 24. Qxa8 a6 1-0

[Event "Erlanger BSGW-Open 2012 30rd"]
[Site "Erlangen/Eltersd.(30.3.-1.4)"]
[Date "2012.04.01"]
[Round "5.36"]
[White "Effenberg, Michael"]
[Black "Pillath, Marcus"]
[Result "1-0"]
[WhiteElo "1552"]
[BlackElo "1314"]
[PlyCount "67"]
[EventDate "2012.04.??"]
[EventType "swiss"]
[EventRounds "5"]
[EventCountry "GER"]
[WhiteTeam "Puschendorf SV"]
[BlackTeam "Vaihingen-Rohr SG"]

1. d4 c6 2. c4 Nf6 3. Nc3 d5 4. e3 Bf5 5. Nf3 e6 6. Bd3 Bxd3 7. Qxd3 dxc4 8.
Qxc4 Nbd7 9. b3 Be7 10. O-O Nb6 11. Qd3 O-O 12. e4 c5 13. e5 Nfd5 14. dxc5 Bxc5
15. Ng5 g6 16. Nge4 Nxc3 17. Qxc3 Bd4 18. Qh3 Bxe5 19. Bg5 Qd7 20. Rad1 Qe8 21.
Bh6 f5 22. Bxf8 fxe4 23. Bd6 Bg7 24. Qh4 Nd5 25. Qg3 Rc8 26. Be5 Bxe5 27. Qxe5
Nc3 28. Rd6 Ne2+ 29. Kh1 Rc6 30. Rfd1 Rxd6 31. Rxd6 Kf7 32. Qxe4 Qe7 33. Qf3+
Kg7 34. Rd1 1-0

[Event "Erlanger BSGW-Open 2012 30rd"]
[Site "Erlangen/Eltersd.(30.3.-1.4)"]
[Date "2012.04.01"]
[Round "5.40"]
[White "Tong, Kevin"]
[Black "Ayhan, Elian"]
[Result "1-0"]
[WhiteElo "1471"]
[BlackElo "700"]
[PlyCount "89"]
[EventDate "2012.04.??"]
[EventType "swiss"]
[EventRounds "5"]
[EventCountry "GER"]
[WhiteTeam "Erlangen 48/88 SC"]
[BlackTeam "Erlangen BSGW"]

1. e4 e5 2. Nf3 Nc6 3. d4 Nxd4 4. Nxd4 exd4 5. Qxd4 d6 6. f4 Nf6 7. Nc3 d5 8.
e5 c5 9. Bb5+ Bd7 10. Bxd7+ Qxd7 11. Qd1 Ne4 12. Qxd5 O-O-O 13. Qxd7+ Rxd7 14.
Nxe4 h5 15. Be3 b6 16. O-O f5 17. exf6 gxf6 18. Nxf6 Rf7 19. Nd5 Bg7 20. Nc3
Re8 21. Rfe1 Bh6 22. g3 a5 23. Bf2 Rxe1+ 24. Rxe1 b5 25. Nxb5 h4 26. Nd6+ Kd7
27. Nxf7 Bg7 28. Bxc5 Bxb2 29. gxh4 Kc6 30. Bf2 Kb5 31. h5 a4 32. Rb1 a3 33.
Bd4 Kc4 34. Bxb2 axb2 35. Rxb2 Kd5 36. h6 Ke6 37. h7 Kxf7 38. h8=Q Kg6 39. f5+
Kxf5 40. Rb4 Ke6 41. Rb5 Kd6 42. Qe5+ Kc6 43. Qd5+ Kc7 44. Rb7+ Kc8 45. Qd7#
1-0

[Event "Erlanger BSGW-Open 2012 30rd"]
[Site "Erlangen/Eltersd.(30.3.-1.4)"]
[Date "2012.04.01"]
[Round "5.42"]
[White "Tschammer, Kai"]
[Black "Kraus, Sebastian(95)"]
[Result "1-0"]
[WhiteElo "1273"]
[BlackElo "1395"]
[PlyCount "48"]
[EventDate "2012.04.??"]
[EventType "swiss"]
[EventRounds "5"]
[EventCountry "GER"]
[WhiteTeam "Erlangen 48/88 SC"]
[BlackTeam "Puschendorf SV"]

1. e4 c5 2. Nc3 g6 3. Bc4 Bg7 4. f4 Nc6 5. Nf3 d6 6. O-O Nf6 7. d3 O-O 8. Qe1
Nb4 9. Qf2 Qc7 10. a3 Nc6 11. Nh4 a6 12. a4 Nb4 13. f5 Nd7 14. fxg6 Bd4 15. Be3
Bxe3 16. Qxe3 Nf6 17. gxf7+ Kh8 18. Ng6+ hxg6 19. Rxf6 Kg7 20. Rf2 e6 21. Raf1
Bd7 22. Rf3 Rh8 23. Qf4 e5 24. Qf6+ Kh7 1-0